00901 a2200217 4500003000500000005001700005040000900022082001000031100003800041245008700079260003100166300001300197505018400210538002900394650001400423651001200437942000800449999001900457952010400476952010300580Nust20170207153212.0 cNust a005.1 aKhan ,Nabeel Younus (MSCS-12) aFingerprint matching using wavelet packet analysis techniquecNabeel Younus Khan  bMCS,NUSTaRawalpindic2007 ax,81,p.; aIntroduction (page-1) Literature review (page-5) System methodology (page-17) System design and implementation (page-23) System analysis and results (page-53) Conclusion (page-67) aAlmirah No 73 Shelf No 2 aPG Thesis aMSCS-12 cTHS c181431d181431 00102ddc40708NFICaMCSbMCSd2016-12-12l0o005.1 KHApMCSTCS-218r2016-12-08w2016-12-12yBK 00102ddc40708NFICaMCSbMCSd2016-12-12l0o005.1 KHApMCSTCS-86r2016-12-08w2016-12-12yBK